Is adenosine useful for the identification of atrial fibrillation triggers?

IntroductionBoth isoproterenol (Iso) and adenosine (Ado) are used to induce atrial fibrillation (AF) in the electrophysiology lab. However, the utility of Ado has not been systematically established.

Elmentve itt :
Bibliográfiai részletek
Szerzők: Tutuianu Cristina
Pap Róbert
Riesz Tamás
Bencsik Gábor
Makai Attila
Sághy László
Dokumentumtípus: Cikk
Megjelent: 2019
Sorozat:JOURNAL OF CARDIOVASCULAR ELECTROPHYSIOLOGY 30 No. 2
doi:10.1111/jce.13779

mtmt:30529596
Online Access:http://publicatio.bibl.u-szeged.hu/16243
LEADER 01079nab a2200265 i 4500
001 publ16243
005 20200201060005.0
008 190726s2019 hu o 0|| angol d
022 |a 1045-3873 
024 7 |a 10.1111/jce.13779  |2 doi 
024 7 |a 30529596  |2 mtmt 
040 |a SZTE Publicatio Repozitórium  |b hun 
041 |a angol 
100 1 |a Tutuianu Cristina 
245 1 3 |a Is adenosine useful for the identification of atrial fibrillation triggers?  |h [elektronikus dokumentum] /  |c  Tutuianu Cristina 
260 |c 2019 
300 |a 171-177 
490 0 |a JOURNAL OF CARDIOVASCULAR ELECTROPHYSIOLOGY  |v 30 No. 2 
520 3 |a IntroductionBoth isoproterenol (Iso) and adenosine (Ado) are used to induce atrial fibrillation (AF) in the electrophysiology lab. However, the utility of Ado has not been systematically established. 
700 0 1 |a Pap Róbert  |e aut 
700 0 1 |a Riesz Tamás  |e aut 
700 0 1 |a Bencsik Gábor  |e aut 
700 0 1 |a Makai Attila  |e aut 
700 0 1 |a Sághy László  |e aut 
856 4 0 |u http://publicatio.bibl.u-szeged.hu/16243/1/tutuianu2018.pdf  |z Dokumentum-elérés